Deadly Sins and Virtues Match-Up Quiz Stats

 Plays Quiz Updated Oct 4, 2016

Score 0/7 Timer 01:30
5 Plays Today
% Correct
Greed
91.4%
Pride
90.9%
Lust
90.5%
Sloth
80.3%
Gluttony
71.7%
Wrath
65.4%
Envy
53%

You're not logged in!

Compare scores with friends on all Sporcle quizzes.
Join for Free
OR
Log In

You Might Also Like...

Show Comments

Extras

Top Quizzes Today


Score Distribution

Your Account Isn't Verified!

In order to create a playlist on Sporcle, you need to verify the email address you used during registration. Go to your Sporcle Settings to finish the process.

Report this User

Report this user for behavior that violates our Community Guidelines.

Details: